Responses for show #3485 - Friday, October 29, 1999

Contestants

[<< previous game]

Mike Sharkey, a management consultant originally from Albany, New York

Brenda Shafer, a writer from Glendale, California

Janet Leach, a production control specialist from Greenland, New Hampshire (whose 2-day cash winnings total $25,800)

[next game >>]

Jeopardy! Round responses

HALLOWEEN
(Alex: Hey, guess what day it is?)
MONSTER MASH
"HO"CUS "PO"CUS
I KNOW WHAT YOU DID LAST SUMMER
(Alex: We're referring to the summer of 1998.)
THE GHOST
MR. CHICKEN
    $100 1
Indira Gandhi

Mike
    $100 21
Dr. Frankenstein

Mike
    $100 4
Hole-in-one

Brenda
    $100 16
Census

Brenda
    $100 19
Jacob Marley

Brenda
    $100 11
"The sky is falling!"

Janet
    $200 2
Orson Welles ("War of the Worlds")

Janet
    $200 22
Loch Ness Monster

Mike
    $200 5
Potomac

Mike
    $200 17
(Alex: The word "list" referring to "Schindler's List".)

Steven Spielberg

Triple Stumper
    $200 20
Edgar Allan Poe

Mike
    $200 12
Don't count your chickens before they hatch

Triple Stumper
    $300 3
South Pole

Brenda
    $300 23
Hulk

Mike
    $300 6
The Police

Janet
    $300 18
PLO (Palestine Liberation Organization)

Brenda
    $300 26
Julius Caesar

Brenda
    $300 13
In every pot

Janet
    $400 9
Martin Luther

Brenda
    $400 24
Wolfman Jack

Janet
    $400 7
Podiatrist

Janet
    $500 29
(B: What is the Shroud of Turin?)

The Star-Spangled Banner

Brenda
    $400 27
"The House of the Spirits"

Triple Stumper
    $400 14
Rooster Cogburn

Brenda
    $500 10
John Keats

Triple Stumper
    $500 25
Mothra

Mike
    $500 8
(M: Who was Pol Pot?)

Ho Chi Minh

Mike
Triple Stumper
    $500 30
France

Mike
    $500 28
John Wesley

Triple Stumper
    $500 15
(B: What is a cock-a-bee?)
(Going into the commercial break, image of Alex carved in a pumpkin, with accompanying caption, "I'll Be Back!")

Cock of the walk

JanetBrenda

Scores at the first commercial break (after clue 15):

Janet Brenda Mike
$1,800 $700 -$200

Scores at the end of the Jeopardy! Round:

Janet Brenda Mike
$2,200 $1,000 $1,600

Double Jeopardy! Round responses

FIRST THINGS FIRST
PROFILES IN CARVAGE
(Alex: These are all famous faces carved in pumpkins by Hugh McMahon - you'll love it!)
CAPITAL CITY OF BIRTH
ACTING THE PART
PALINDROMES
THE "LAST" BOOKS ON EARTH
    $200 14
In (the beginning)

Mike
    $200 9
Ronald Reagan

Janet
    $200 21
(M: What is China?)

Peking

Mike
Triple Stumper
    $200 2
Mark Hamill

Janet
    $200 4
"Madam, I'm Adam"

Janet
    $200 1
"The Last Tycoon"

Triple Stumper
    $400 18
(Alex: 1.609 kilometers is equal to one mile.)

Roger Bannister

Triple Stumper
    $400 10
Prince Charles

Janet
    $400 3
Tom Berenger

Mike
    $400 5
(J: As I saw able)
(M: Able was I ere saw I Elba)

"Ere I saw Elba"

JanetMike
Triple Stumper
    $600 19
(J: Who is Anne Boleyn?)
(Alex: Anne Boleyn was second.)

Catherine of Aragon

JanetBrenda
    $600 11
Martha Stewart

Triple Stumper
    $600 15
(M: Who are Hope & Crosby?)
(B: Who are Abbott & Costello?)

Laurel & Hardy

BrendaMike
Triple Stumper
    $600 6
"A canal, Panama"

Triple Stumper
    $600 22
(M: What is "Lonesome Dove?")

"The Last Picture Show"

Mike
Triple Stumper
    $800 20
(M: What is Albania?)
(B: What is Abyssinia?)
(minute to go...)

Afghanistan

JanetBrendaMike
    $800 12
(Alex: Have you noticed something that all the noses are exactly the same?)

Bob Dylan

Triple Stumper
    $800 16
Ordinary People

Brenda
    $800 7
Desi Arnaz' rat

Triple Stumper
    $1,000 23
(buzzer sounds)

"The Last Temptation of Christ"

Janet
    $1000 13
Linda Tripp & Monica Lewinsky

Brenda
    $1000 17
Cold Feet

Mike
    $1000 8
(Alex: And now you know why we have a [*]; we'll never see them again, I hope!)

fear of palindromes

Triple Stumper

Scores at the end of the Double Jeopardy! Round:

Janet Brenda Mike
$4,000 $2,000 $600
(lock-tie game)

[wagering suggestions for these scores]

Final Jeopardy! Round responses

19th CENTURY FICTIONAL CHARACTERS
MikeWho is the Headless Horseman?
$100
BrendaWhat is the Phantom of the Opera?
$2,000
JanetWho is the Mummy?
$0
Dracula (created by Bram Stoker)

Final scores:

Janet Brenda Mike
$4,000 $0 $500
3-day champion: $29,800 3rd place: Yamaha Clavinova Digital Piano 2nd place: Trip to England courtesy of Ghost Expeditions

Game dynamics:

Coryat scores:

Janet Brenda Mike
$3,800 $2,500 $600
13 R
(including 1 DD),
2 W
11 R,
4 W
(including 1 DD)
11 R,
6 W

Combined Coryat: $6,900

The J! Archive is created by fans, for fans. The Jeopardy! game show and all elements thereof, including but not limited to copyright and trademark thereto, are the property of Jeopardy Productions, Inc. and are protected under law. This website is not affiliated with, sponsored by, or operated by Jeopardy Productions, Inc. Join the discussion at JBoard.tv.